| 000 | 00540nam a2200205Ia 4500 | ||
|---|---|---|---|
| 001 | 13273 | ||
| 003 | GE_BSU | ||
| 008 | 181216s||||||||xx |||||||||||||| ||und|| | ||
| 040 | _cGE_BSU | ||
| 080 | _a634.1 | ||
| 100 | _aМалинковский, В.В. | ||
| 245 | _aПлодовый питомник | ||
| 245 | _cРед.А.А.Рассошанский | ||
| 260 | _aМосква | ||
| 260 | _bСельхозгиз | ||
| 260 | _c1952 | ||
| 300 | _a363стр.илл.22см. | ||
| 653 | _aПлодовый питомник | ||
| 942 | _cBK | ||
| 999 |
_c46435 _d46435 |
||